| 000 | 02600nam0a2200385 4500 | ||
|---|---|---|---|
| 001 | RU\NLR\BIBL_A\022318077 | ||
| 005 | 20260420014428.0 | ||
| 010 |
_a978-5-9748-0705-3 _91200 |
||
| 021 |
_aRU _bКН-П-24-043701 _9КН-П-24-4355 |
||
| 035 | _a(NLR Aleph) 022318077 | ||
| 090 |
_a13664938 _c13664938 |
||
| 100 | _a20240911d2024 u y0rusy50 ca | ||
| 101 | 0 | _arus | |
| 102 | _aRU | ||
| 105 | _ay|||nj||000yy | ||
| 181 | 0 |
_ai _baxxe |
|
| 182 | 0 | _an | |
| 200 | 1 |
_aГражданский процессуальный кодекс Российской Федерации _eкомментарий к последним изменениям _eучебное пособие для факультетов повышения квалификации и учебных заведений _e[практические рекомендации] _fАссоциация бухгалтеров, аудиторов и консультантов _g[подготовлены и] под редакцией Г. Ю. Касьяновой |
|
| 203 |
_aТекст _bвизуальный _cнепосредственный |
||
| 205 |
_aИзд. 15-е, перераб. и доп. _b[ориг. изд.] _bсамое полн. изд. _bпечатается по офиц. публ. |
||
| 210 |
_aМосква _cАБАК _d2024 |
||
| 215 |
_a252, [20] с. _d20 |
||
| 225 | 1 |
_aПрактические рекомендации для бухгалтера и руководителя _fпод общ. ред. Г. Ю. Касьяновой |
|
| 225 | 1 | _aПравовой практикум | |
| 320 | _aБиблиогр. в подстроч. примеч. и в тексте | ||
| 604 |
_171001$aРоссийская Федерация _1500##$aГражданский процессуальный кодекс$2nlr_sh2$3RU\NLR\AUTH\661262192 _aРоссийская Федерация _tГражданский процессуальный кодекс _92086065 _3RU\NLR\AUTH\661262192 |
||
| 686 | 1 | _aХ629.2-324.9(2Р) | |
| 702 | 1 |
_4220 _7ca _8rus _aКасьянова _bГ. Ю. _gГалина Юрьевна _91040 _3RU\NLR\AUTH\7717956 |
|
| 712 | 0 | 2 |
_4570 _aАссоциация бухгалтеров, аудиторов и консультантов _cМосква _9649310 _3RU\NLR\AUTH\8810073648 |
| 741 | 1 |
_aРоссийская Федерация _iГражданский процессуальный кодекс _tЗаконы _9425338 _3RU\NLR\AUTH\880379477 |
|
| 942 | _cBOOK | ||
| 980 | _aNB | ||